000 01124cam a22002414a 4500
005 20250605164139.0
008 250528s ||||||||||||||||||||||||d
035 _a18895
020 _a9963589014
040 _aGR-AtMCL
_bgre
_dGR-AtMCL
_eAACR2
245 1 _aDevelop Your Grammar / Teacher's Book
260 _bBurlington Books,
_c1989
300 _a184
520 _aIntroduction, The Verb to Be in the Present Simple, Indefinite Articles, The Definite Article The and the Zero Article, Possessive Forms, There is/ Tere Are, Present Continuous, Object Pronouns, Wh-Subject Questions, Word Order in Other Kinds of Questions, Plural Count Nouns, Expressions of Quantity, Adjectives, Present Simple, Adverbs and Adverbial Phrases of Frequency, Imperatives, The Past Simple of the Verb To Be, Past Simple: Affirmative Statements, Past Simple: Negatives and Questions, Prepositions of Place and Time, Numbers.
700 1 _aDean Gay
_95172
700 1 _aDesipri Marianna
_95173
700 1 _aRoe John
_95174
700 1 _aZafiropoulou Maria
_95175
942 _cBK
999 _c4199
_d4199